000 00590nam a2200205 u 4500
005 20240228064023.0
008 110901s2007 r 000 0 eng d
020 _a97788466763035
035 _aUPN01000181640
049 _aI
050 4 _aPZ77
_bM5.2
100 1 _aMira, Juanluís
_934228
245 1 0 _aBarriga /
_cJuanluís Mira ; il. de Noemí Villamuza.
260 _aMadrid :
_bAnaya,
_c2007.
300 _a84 p. :
_bil.
440 0 _aSopa de libros ;
_v11.
_pTeatro
650 4 _aLibros y lectura para niños
_92290
650 7 _aTeatro escolar infantil
_2
_96353
905 _aLibro
999 _c153743
_d153743